| 000 | 00388nam a2200133Ia 4500 | ||
|---|---|---|---|
| 008 | 220217s9999||||xx |||||||||||||| ||und|| | ||
| 020 | _a81-7366-027-1 | ||
| 082 | _a004.6 BAL | ||
| 100 |
_aBallew, Scott, M. _93545 |
||
| 245 | 0 | _aManaging IP netwoks with sisco routers | |
| 260 |
_aShroff publishers and distributers _bCalcutta _c2001 |
||
| 300 | _b200 | ||
| 650 | _aCOMPUTER NETWORK | ||
| 999 |
_c172159 _d172159 |
||